The hybrid culture : What happened when East and West met

Salvato in:
Dettagli Bibliografici
Natura: Libro
Lingua:Undetermined
Pubblicazione: Hiroshima, Japan MAZDA 1984
Tags: Aggiungi Tag
Nessun Tag, puoi essere il primo ad aggiungerne! !
Thư viện lưu trữ: Trung tâm Học liệu Trường Đại học Cần Thơ
LEADER 00486nam a2200169Ia 4500
001 CTU_112091
008 210402s9999 xx 000 0 und d
082 |a 952 
082 |b H992 
245 4 |a The hybrid culture : 
245 0 |b What happened when East and West met 
245 0 |c Edited by Yoshida Mitsukuni, Tanaka Ikko, Sesoko Tsune 
260 |a Hiroshima, Japan 
260 |b MAZDA 
260 |c 1984 
904 |i M.Loan 
980 |a Trung tâm Học liệu Trường Đại học Cần Thơ